00593nam a2200169 a 450000500170000000800410001702000180005805000240007610000270010024500510012726000390017830000100021744000290022765000340025699900190029095201140030920140412111247.0000823s19uu xx 00 eng d a0-590-34301-7 aTR(GS 004bB37 1984 aHanavan, Patricia Relf aBasic computing A /cby Patricia Relf Hanavan. aNew York :bScholastic Inc,c1984. a61 p. aA Scholastic Skills Book aComputersxStudy and teaching c102982d102982 001040aELbELcTRd2000-08-23eLib. Fundl0oTR(GS 004 B37 1984pE3502r2014-04-12 00:00:00w2014-04-12yBK